000 00232nam a2200109Ia 4500
999 _c6703
_d6703
020 _a978-0134670959
100 _aWilliam Stallings
245 0 _aOperating Systems
260 _aNew York
_bPearson
_c1998
300 _a682
942 _cBK